| 000 | 00440nam a22001577a 4500 | ||
|---|---|---|---|
| 005 | 20241217170914.0 | ||
| 008 | 241217b ||||| |||| 00| 0 eng d | ||
| 040 | _cAL | ||
| 041 | _aEnglish | ||
| 082 |
_223 _a348.04 _bEASS |
||
| 100 |
_a Eastern Book Company _9191514 |
||
| 245 | _aSupreme court cases 1987: Vol 3 | ||
| 260 |
_aLucknow _b Eastern Book Company _c2012 |
||
| 650 |
_aMode of Citation (1987) 3 SCC _9191515 |
||
| 942 |
_2ddc _cBI |
||
| 999 |
_c233063 _d233063 |
||